Catalog

Record Details

Catalog Search



Available copies

  • 2 of 2 copies available at LARL/NWRL Consortium.

Current holds

0 current holds with 2 total copies.

Show Only Available Copies
Location Call Number / Copy Notes Barcode Shelving Location Status Due Date
Crookston Public Library LAU (Text) 33500013995147 Main Available -
McIntosh Public Library LAU (Text) 33500013995154 Main Available -

Record details

  • ISBN: 1668030764
  • ISBN: 9781668030769
  • Physical Description: 342 pages ; 21 cm
  • Edition: First Emily Bestler Books/Atria paperback edition.
  • Publisher: New York, NY : Emily Bestler Books/Atria, an imprint of Simon & Schsuter, LLC, 2024.

Content descriptions

Summary, etc.:
"Mark Chan this. Mark Chan that. Writer and ... Read More
Subject: Engineers > Fiction.
Dating (Social customs) > Fiction.
Authors > Fiction.
Man-woman relationships > Fiction.
Genre: Romance fiction.
Novels.
LDR 02031cam a2200361Ii 4500
001434013
003LARL_NWRL_CONSORTIUM
00520240501161540.0
008231021s2024 nyu 000 f eng d
040 . ‡aYDX ‡beng ‡erda ‡cYDX ‡dBDX ‡dY$5 ‡dOCLCO ‡dHQC ‡dUAP
020 . ‡a1668030764 ‡q(paperback)
020 . ‡a9781668030769 ‡q(paperback)
035 . ‡a(OCoLC)1405187827
08204. ‡a813/.6 ‡223
1001 . ‡aLau, Jackie, ‡eauthor.
24510. ‡aLove, lies, and cherry pie / ‡cJackie Lau.
250 . ‡aFirst Emily Bestler Books/Atria paperback edition.
264 1. ‡aNew York, NY : ‡bEmily Bestler Books/Atria, an imprint of Simon & Schsuter, LLC, ‡c2024.
300 . ‡a342 pages ; ‡c21 cm
336 . ‡atext ‡btxt ‡2rdacontent
337 . ‡aunmediated ‡bn ‡2rdamedia
338 . ‡avolume ‡bnc ‡2rdacarrier
520 . ‡a"Mark Chan this. Mark Chan that. Writer and barista Emily Hung is tired of hearing about the great Mark Chan, the son of her parents' friends. You'd think he single-handedly stopped climate change and ended child poverty from the way her mother raves about him. But he's just a boring, sweater-vest-wearing engineer, and when they're forced together at a wedding, it's obvious he thinks he's too good for her. But Emily's mother is fixated on getting her married and has her sights set on Mark. There's only one solution, clearly: convince Mark to be in a fake relationship with her long enough to end her mom's meddling. He reluctantly agrees. With each fake date, though, Emily realizes that Mark's not quite what she assumed and maybe that argyle sweater isn't so ugly after all ... " -- ‡cProvided by publisher.
650 0. ‡aEngineers ‡vFiction. ‡0(LARL_NWRL_CONSORTIUM)169253
650 0. ‡aDating (Social customs) ‡vFiction. ‡0(LARL_NWRL_CONSORTIUM)164536
650 0. ‡aAuthors ‡vFiction. ‡0(LARL_NWRL_CONSORTIUM)163244
650 0. ‡aMan-woman relationships ‡vFiction. ‡0(LARL_NWRL_CONSORTIUM)165985
655 7. ‡aRomance fiction. ‡2lcgft
655 7. ‡aNovels. ‡2lcgft
901 . ‡a434013 ‡bOCoLC ‡c434013 ‡tbiblio ‡soclc

Additional Resources